[Event "54. Miedzynarodowy Festiwal Szachowy im. Akiby Rubinsteina<br/>OPEN A "]
[Site "Polanica-Zdroj"]
[Date "1899-12-30"]
[Round "1.1"]
[White "Shishkin, Vadim"]
[Black "Mirski, Michal"]
[Result "1-0"]
[WhiteTitle "GM"]
[BlackTitle "I"]
[WhiteElo "2461"]
[BlackElo "1981"]

1. d4 d6 2. Nf3 g6 3. c4 Bg7 4. Nc3 Nd7 5. e4 c5 6. d5 Ngf6 7. Be2 O-O 8. O-O Ne5
9. Ne1 b5 10. cxb5 a6 11. f4 Ned7 12. Nc2 Qb6 13. bxa6 Bxa6 14. Rb1 Rfb8 15. Be3
Qa5 16. Bd2 Qc7 17. Bxa6 Rxa6 18. Qe2 Rab6 19. b3 Ra8 20. a4 Ne8 21. Nb5 Qb8 22.
Qe1 c4 23. bxc4 Rxa4 24. Nb4 Nc5 25. Nc6 Qa8 26. Qe2 Ra2 27. e5 Rb7 28. exd6 exd6
29. Rfe1 Kf8 30. Qxe8+ Qxe8 31. Rxe8+ Kxe8 32. Nxd6+ Kd7 33. Nxb7 Ne4 34. Be3
Nc3 35. Re1 f5 36. Ne5+ Kc7 37. Nc5 Kd6 38. Ne6 Bf6 39. Bc5# 1-0

[Event "54. Miedzynarodowy Festiwal Szachowy im. Akiby Rubinsteina<br/>OPEN A "]
[Site "Polanica-Zdroj"]
[Date "1899-12-30"]
[Round "1.2"]
[White "Czarniecka, Aleksandra"]
[Black "Stachowiak, Kamil"]
[Result "0-1"]
[WhiteTitle "k"]
[BlackTitle "IM"]
[WhiteElo "1980"]
[BlackElo "2447"]

1. e4 c5 2. Nf3 d6 3. d4 cxd4 4. Nxd4 Nf6 5. Nc3 a6 6. Be2 g6 7. O-O Bg7 8. Bg5
O-O 9. Nb3 Nbd7 10. f4 b5 11. Bf3 Bb7 12. a3 Rc8 13. Qe1 Qc7 14. Kh1 Rfe8 15.
Qh4 Nb6 16. Nd2 Nfd7 17. Rad1 e6 18. f5 Ne5 19. fxg6 hxg6 20. Bf6 Bxf6 21. Qxf6
Qd8 22. Qf4 Kg7 23. Be2 Qe7 24. Nf3 f6 25. Nxe5 dxe5 26. Qf2 Rc5 27. Qe3 Rec8
28. Rf2 f5 29. Bd3 R8c7 30. Rdf1 Nc4 31. Bxc4 Rxc4 32. Qg3 f4 33. Qf3 b4 34. axb4
Qxb4 35. Qg4 Qxb2 36. Nd1 Qb6 37. Qg5 Qd4 38. Rf3 Bxe4 39. Rh3 Rxc2 40. Qh6+ Kf6
41. Qh4+ g5 42. Qh6+ Ke7 43. Qxg5+ Kd7 44. Ne3 fxe3 45. Rf7+ Kc6 46. Rxc7+ Kxc7
47. Qg7+ Kb6 0-1

[Event "54. Miedzynarodowy Festiwal Szachowy im. Akiby Rubinsteina<br/>OPEN A "]
[Site "Polanica-Zdroj"]
[Date "1899-12-30"]
[Round "1.4"]
[White "Szylko, Waldemar"]
[Black "Manik, Mikulas"]
[Result "0-1"]
[WhiteTitle "k+"]
[BlackTitle "GM"]
[WhiteElo "1956"]
[BlackElo "2408"]

1. e4 c5 2. Nc3 Nc6 3. g3 g6 4. d3 Bg7 5. Be3 d6 6. Bg2 Rb8 7. Qd2 b5 8. h4 Nf6
9. Bh6 Bxh6 10. Qxh6 Nd4 11. Qd2 e5 12. Nce2 O-O 13. c3 Ne6 14. Nh3 Bb7 15. Rd1
c4 16. b4 cxd3 17. Qxd3 Qb6 18. O-O Rbd8 19. Qc2 Kg7 20. Ng5 h6 21. Nh3 Ng4 22.
h5 Nf6 23. Bf3 gxh5 24. Bg2 Ng5 25. Nxg5 hxg5 26. Kh1 Rh8 27. Qd2 Kg6 28. Ng1
g4 29. f4 Nxe4 30. Bxe4+ Bxe4+ 31. Kh2 f5 32. Rde1 Bb7 33. Ne2 h4 0-1

[Event "54. Miedzynarodowy Festiwal Szachowy im. Akiby Rubinsteina<br/>OPEN A "]
[Site "Polanica-Zdroj"]
[Date "1899-12-30"]
[Round "1.5"]
[White "Sabuk, Piotr"]
[Black "Hetzer, Volkhard"]
[Result "1-0"]
[WhiteTitle "IM"]
[BlackTitle ""]
[WhiteElo "2377"]
[BlackElo "1949"]

1. d4 d5 2. c4 c6 3. Nf3 Nf6 4. Nc3 a6 5. Qc2 dxc4 6. e4 b5 7. b3 e6 8. bxc4 Bb4
9. Bd2 O-O 10. e5 Ne8 11. Bd3 f5 12. exf6 Nxf6 13. O-O bxc4 14. Bxc4 c5 15. dxc5
Nc6 16. Be3 Bxc3 17. Qxc3 Nd5 18. Qd2 Rf5 19. Bd3 Rh5 20. Rab1 Ra7 21. Be4 Rd7
22. Qc1 a5 23. g4 Re5 24. Nxe5 Nxe5 25. Bg5 Qf8 26. h3 Ba6 27. Rd1 Be2 28. c6
Rd8 29. c7 Rc8 30. Rxd5 exd5 31. Bxd5+ Kh8 32. Qe3 Re8 33. Rb8 Rxb8 34. cxb8=Q
Qxb8 35. Qxe2 1-0

[Event "54. Miedzynarodowy Festiwal Szachowy im. Akiby Rubinsteina<br/>OPEN A "]
[Site "Polanica-Zdroj"]
[Date "1899-12-30"]
[Round "1.6"]
[White "Schoenau, Helmut"]
[Black "Nurkiewicz, Maciej"]
[Result "0-1"]
[WhiteTitle ""]
[BlackTitle "m"]
[WhiteElo "1947"]
[BlackElo "2371"]

1. c4 c5 2. Nf3 Nc6 3. Nc3 e5 4. g3 g6 5. Bg2 Bg7 6. d3 Nge7 7. Rb1 O-O 8. O-O
d6 9. Bd2 f5 10. Qc1 Be6 11. a3 Rc8 12. Ng5 Bd7 13. Nd5 Nd4 14. Qd1 h6 15. Nxe7+
Qxe7 16. Bd5+ Kh8 17. Nf3 Nxf3+ 18. Bxf3 b5 19. cxb5 e4 20. dxe4 fxe4 21. Bg2
Bxb5 22. Bc3 Bxc3 23. bxc3 Bc4 24. Qd2 Kg7 25. Rfd1 d5 26. e3 Bd3 27. Rb2 Rb8
28. Bf1 c4 29. Bxd3 exd3 30. Rdb1 Qd6 31. Rb7+ Rxb7 32. Rxb7+ Rf7 33. Rxf7+ Kxf7
34. e4 dxe4 35. Qxh6 Kg8 36. Qd2 Qxa3 37. Kf1 Qd6 38. Ke1 Qb6 39. Qa2 Qb3 40.
Qa5 Qb1+ 41. Kd2 Qc2+ 42. Ke3 Qe2+ 43. Kd4 Qxf2+ 44. Kxc4 Qf7+ 45. Kd4 Qd7+ 46.
Ke3 d2 47. Qa2+ Kf8 0-1

[Event "54. Miedzynarodowy Festiwal Szachowy im. Akiby Rubinsteina<br/>OPEN A "]
[Site "Polanica-Zdroj"]
[Date "1899-12-30"]
[Round "1.7"]
[White "Lewtak, Damian"]
[Black "Golecki, Jan"]
[Result "1-0"]
[WhiteTitle "m"]
[BlackTitle "I++"]
[WhiteElo "2369"]
[BlackElo "1943"]

1. d4 Nf6 2. Bf4 e6 3. e3 b6 4. h3 Bb7 5. Nd2 Be7 6. Bh2 O-O 7. Ngf3 Ne4 8. Nxe4
Bxe4 9. Nd2 Bb7 10. Bd3 f5 11. Rg1 Bd6 12. g3 c5 13. c3 Nc6 14. f4 cxd4 15. exd4
Qf6 16. Nf3 Rae8 17. Ne5 Bxe5 18. dxe5 Qh6 19. Bf1 d6 20. exd6 e5 21. Qd5+ Kh8
22. O-O-O Na5 23. Qd2 Qe6 24. b4 Nc4 25. Bxc4 Qxc4 26. Rge1 e4 27. Kb2 a5 28.
Qd4 Qc6 29. Bg1 axb4 30. Qxb4 e3 31. d7 Ra8 32. Qxf8+ 1-0

[Event "54. Miedzynarodowy Festiwal Szachowy im. Akiby Rubinsteina<br/>OPEN A "]
[Site "Polanica-Zdroj"]
[Date "1899-12-30"]
[Round "1.8"]
[White "Kucharski, Bartlomiej"]
[Black "Djuric, Stefan"]
[Result "0-1"]
[WhiteTitle "I+"]
[BlackTitle "GM"]
[WhiteElo "1938"]
[BlackElo "2352"]

1. e4 e6 2. d3 c5 3. Nf3 Nc6 4. g3 g6 5. Bg2 Bg7 6. O-O Nge7 7. Re1 d6 8. c3 e5
9. Nbd2 O-O 10. a4 h6 11. Nc4 Be6 12. Qe2 Qd7 13. Bd2 Rad8 14. b4 cxb4 15. cxb4
Bg4 16. Ne3 Nd4 17. Qd1 Bxf3 18. Bxf3 f5 19. Bh1 f4 20. Nc2 Nb3 21. Ra3 Nxd2 22.
Qxd2 Rc8 23. b5 h5 24. Nb4 h4 25. Nd5 Nxd5 26. exd5 fxg3 27. fxg3 hxg3 28. hxg3
Qg4 29. d4 Rf4 30. dxe5 Bxe5 31. Qd1 Bd4+ 32. Kh2 Rc2+ 33. Qxc2 Rf2+ 34. Qxf2
Bxf2 35. Re4 Qd1 36. Bg2 Bg1+ 37. Kh3 Qh5+ 38. Rh4 Qf5+ 39. Rg4 Qh5+ 40. Rh4 Qf5+
41. Rg4 g5 42. Be4 Qf1+ 43. Bg2 Qf6 44. Rc4 Qf5+ 45. g4 Qh7+ 46. Kg3 Qh4+ 47.
Kf3 Qf2+ 48. Ke4 Qxg2+ 0-1

[Event "54. Miedzynarodowy Festiwal Szachowy im. Akiby Rubinsteina<br/>OPEN A "]
[Site "Polanica-Zdroj"]
[Date "1899-12-30"]
[Round "1.9"]
[White "Kucza, Karol"]
[Black "Szelag, Zuzanna"]
[Result "1-0"]
[WhiteTitle "FM"]
[BlackTitle "I++"]
[WhiteElo "2342"]
[BlackElo "1934"]

1. e4 c5 2. Nf3 d6 3. d4 cxd4 4. Nxd4 Nf6 5. Nc3 a6 6. Bg5 e6 7. f4 Qb6 8. Nb3
Nbd7 9. Qf3 Be7 10. O-O-O Qc7 11. g4 b5 12. a3 Bb7 13. Bg2 Rc8 14. Rhe1 a5 15.
Qe2 b4 16. Nb5 Qb6 17. a4 Nc5 18. Nxc5 Qxc5 19. e5 Bxg2 20. exf6 gxf6 21. Qxg2
fxg5 22. f5 e5 23. Rd5 Qc6 24. f6 Bf8 25. Na7 Qc7 26. Nxc8 Qxc8 27. Rxa5 Qc4 28.
Qb7 1-0

[Event "54. Miedzynarodowy Festiwal Szachowy im. Akiby Rubinsteina<br/>OPEN A "]
[Site "Polanica-Zdroj"]
[Date "1899-12-30"]
[Round "1.10"]
[White "Klein, Gernot, Dr."]
[Black "Nowak, Kamil"]
[Result "0-1"]
[WhiteTitle "m"]
[BlackTitle "m"]
[WhiteElo "1922"]
[BlackElo "2313"]

1. e4 c5 2. Nf3 d6 3. d4 cxd4 4. Nxd4 Nf6 5. Nc3 a6 6. Be3 e6 7. f3 b5 8. Qd2 Nbd7
9. O-O-O Bb7 10. g4 Nb6 11. g5 Nfd7 12. Qf2 Rc8 13. h4 Rxc3 14. bxc3 d5 15. Nb3
Ba3+ 16. Kb1 Na4 17. Rd3 Qc7 18. exd5 Bxd5 19. Be2 Ne5 20. Bc1 Nxd3 21. Bxd3 Bxc1
22. Rxc1 Qxc3 23. Qd4 Bxb3 24. Qxc3 Nxc3+ 25. Kb2 Nxa2 26. Ra1 Bd5 27. Be4 Nb4
28. Kc3 Bxe4 29. fxe4 Nc6 30. Rxa6 Kd7 31. Kb3 Rb8 32. c3 Kc7 33. Ra1 Kb6 34.
Rf1 Rb7 35. h5 Kc5 36. Rd1 b4 37. Rf1 Na5+ 38. Kb2 Nc4+ 39. Kc2 Ne3+ 0-1

[Event "54. Miedzynarodowy Festiwal Szachowy im. Akiby Rubinsteina<br/>OPEN A "]
[Site "Polanica-Zdroj"]
[Date "1899-12-30"]
[Round "1.11"]
[White "Psyk, Radoslaw"]
[Black "Jablonski, Miroslaw"]
[Result "1-0"]
[WhiteTitle "k++"]
[BlackTitle "I++"]
[WhiteElo "2304"]
[BlackElo "1915"]

1. e4 e5 2. Nf3 Nc6 3. Bb5 a6 4. Ba4 Nf6 5. O-O b5 6. Bb3 Bb7 7. Re1 Be7 8. c3
O-O 9. d4 d6 10. Nbd2 Nd7 11. Nf1 Bf6 12. Ne3 exd4 13. cxd4 Na5 14. Bc2 c5 15.
d5 Ne5 16. Rb1 Nac4 17. Nxe5 Nxe5 18. f4 Ng6 19. Nf5 Bc8 20. g4 Bxf5 21. gxf5
Bd4+ 22. Kh1 Nh8 23. Be3 Bxe3 24. Rxe3 f6 25. Qg4 Ra7 26. Rg1 Qd7 27. Qh4 Kf7
28. Qh5+ g6 29. Qxh7+ Ke8 30. Qxd7+ Rxd7 31. fxg6 Rg8 32. f5 Kf8 33. Rgg3 Kg7
34. Rh3 Kf8 35. Ra3 Rdg7 36. Rxa6 Nxg6 37. fxg6 Rxg6 38. Ra8+ Kf7 39. Rh7+ R8g7
40. Ra7+ Kg8 41. Raxg7+ Rxg7 42. Rxg7+ 1-0

[Event "54. Miedzynarodowy Festiwal Szachowy im. Akiby Rubinsteina<br/>OPEN A "]
[Site "Polanica-Zdroj"]
[Date "1899-12-30"]
[Round "1.12"]
[White "Konieczynski, Piotr"]
[Black "Reza, Wojciech"]
[Result "0-1"]
[WhiteTitle "I++"]
[BlackTitle "FM"]
[WhiteElo "1897"]
[BlackElo "2303"]

1. d4 Nf6 2. Nf3 e6 3. c4 c5 4. Nc3 cxd4 5. Nxd4 Bb4 6. Bd2 Nc6 7. Nc2 Be7 8. Bg5
h6 9. Bh4 Qa5 10. Qd2 O-O 11. e3 Rd8 12. Be2 d5 13. cxd5 Nxd5 14. Bxe7 Ndxe7 15.
Qc1 Nd5 16. Na3 Nxc3 17. Qxc3 Qxc3+ 18. bxc3 Na5 19. Rd1 Bd7 20. Bb5 Bxb5 21.
Nxb5 a6 22. Na3 Rdc8 23. Kd2 Rc7 24. Kc2 Rac8 25. Rd3 Nc6 26. Rd6 Ne5 27. Nb1
Kf8 28. h3 Ke7 29. Rhd1 Nc4 30. R6d3 Nb6 31. Kb3 Nd7 32. Rd4 e5 33. Rd5 f6 34.
f3 Nc5+ 35. Ka3 Nd7 36. Rd6 h5 37. Kb2 Nc5 38. Ka3 Ne6 39. Kb2 h4 40. Rb6 Nc5
41. Ka3 Rd8 42. Rxd8 Kxd8 43. Rd6+ Ke7 44. Rd2 e4 45. c4 exf3 46. gxf3 Nd7 47.
Rd4 Ne5 48. Nd2 Rd7 49. Rxd7+ Nxd7 50. Kb4 g5 51. Kc3 f5 52. Kd4 Ke6 53. Nf1 Kd6
54. Nh2 Nc5 55. e4 Ne6+ 56. Ke3 Nf4 57. exf5 Ke5 58. Ng4+ Kxf5 59. Nf2 Ng2+ 60.
Ke2 Ke5 61. Kd3 Kf4 62. Ke2 Ke5 63. Kd3 b6 64. a3 a5 65. a4 Nf4+ 66. Ke3 Ng2+
67. Kd3 Kf4 68. Ke2 Kf5 69. Kd2 Ke5 70. Kd3 Ne1+ 71. Ke2 Nc2 72. Nd3+ Kd4 73.
Kd2 Ne3 74. f4 g4 75. Ke2 gxh3 76. Nf2 Nxc4 77. Kf3 h2 78. Kg4 b5 79. axb5 a4
80. f5 a3 0-1

[Event "54. Miedzynarodowy Festiwal Szachowy im. Akiby Rubinsteina<br/>OPEN A "]
[Site "Polanica-Zdroj"]
[Date "1899-12-30"]
[Round "1.14"]
[White "Maciejewski, Kamil"]
[Black "Kumala, Aleksander"]
[Result "0-1"]
[WhiteTitle "I"]
[BlackTitle "k"]
[WhiteElo "1886"]
[BlackElo "2238"]

1. Nf3 f5 2. d3 Nf6 3. e4 d6 4. Nc3 e5 5. exf5 Bxf5 6. d4 Nc6 7. Bb5 e4 8. d5 a6
9. Bxc6+ bxc6 10. Nd4 Bg4 11. f3 exf3 12. gxf3 Bh3 13. Qe2+ Qe7 14. Nxc6 Qxe2+
15. Kxe2 Kd7 16. Nd4 Re8+ 17. Kf2 Nh5 18. Ne4 Be7 19. Bg5 h6 20. Bxe7 Rxe7 21.
Rae1 Rf8 22. Ng3 Rxe1 23. Rxe1 Nf4 24. Nge2 Nxd5 25. Kg3 Bf5 26. Nxf5 Rxf5 27.
Nd4 Rg5+ 28. Kf2 Nf4 29. Re4 Nh3+ 30. Ke3 d5 31. Rg4 Re5+ 32. Kd2 g5 33. Nb3 Nf4
34. h4 h5 35. Rxg5 Rxg5 36. hxg5 h4 37. g6 Ke7 38. Nd4 h3 39. Nf5+ Kf6 40. g7
Kf7 41. Ke3 h2 42. Ng3 Nh5 43. Nh1 Kxg7 44. Kf2 Kf6 45. Kg2 Ke5 46. Nf2 Kf4 47.
Nd3+ Ke3 48. Kxh2 a5 49. Kg2 Kd2 50. Kf2 d4 51. Ne1 Nf4 52. Kg3 Kxe1 53. Kxf4
Kd2 54. Ke4 c5 55. f4 Kxc2 56. f5 d3 57. f6 d2 58. f7 d1=Q 59. f8=Q Qd4+ 60. Kf3
Kxb2 61. Qg8 c4 62. a4 c3 63. Qb8+ Ka2 64. Qg8+ Ka3 65. Qh7 Qd1+ 66. Kf2 Qd2+
67. Kf3 c2 68. Qe7+ Qb4 69. Qc7 Kb2 70. Qh2 Qc3+ 71. Ke4 Ka1 72. Kd4 0-1

[Event "54. Miedzynarodowy Festiwal Szachowy im. Akiby Rubinsteina<br/>OPEN A "]
[Site "Polanica-Zdroj"]
[Date "1899-12-30"]
[Round "1.15"]
[White "Bukojemski, Adam"]
[Black "Dryja, Szymon"]
[Result "1-0"]
[WhiteTitle "k"]
[BlackTitle "I++"]
[WhiteElo "2233"]
[BlackElo "1878"]

1. e4 c5 2. Nf3 Nc6 3. Nc3 e6 4. g3 d6 5. Bg2 Nf6 6. O-O Be7 7. d4 cxd4 8. Nxd4
O-O 9. Nxc6 bxc6 10. e5 Nd5 11. exd6 Qxd6 12. Ne4 Qc7 13. c4 Nf6 14. Nc3 Bb7 15.
Bf4 Qc8 16. Qf3 Ba6 17. b3 Nd5 18. Bd2 Rd8 19. Rfd1 Nb4 20. Qe4 f5 21. Qb1 Bf6
22. Be1 Qc7 23. a3 Rxd1 24. Qxd1 Rd8 25. Qe2 Nd3 26. Qxe6+ Qf7 27. Qe2 Nc5 28.
Qc2 Bb7 29. Rd1 Re8 30. Bd2 Ne6 31. Be3 f4 32. gxf4 Bxc3 33. Qxc3 Nxf4 34. Bxf4
Qxf4 35. Rd7 Qg4 36. Rxb7 Rd8 37. h3 Qg6 38. Qg3 Qf6 39. Bxc6 Rd1+ 40. Kh2 g6
41. Qb8+ Rd8 42. Bd5+ Kh8 43. Qg3 1-0

[Event "54. Miedzynarodowy Festiwal Szachowy im. Akiby Rubinsteina<br/>OPEN A "]
[Site "Polanica-Zdroj"]
[Date "1899-12-30"]
[Round "1.16"]
[White "Vanduyfhuys, Daria"]
[Black "Lapaj, Mateusz"]
[Result "1-0"]
[WhiteTitle "WCM"]
[BlackTitle "k+"]
[WhiteElo "1878"]
[BlackElo "2198"]

1. d4 Nf6 2. c4 g6 3. Nc3 Bg7 4. e4 d6 5. Nf3 O-O 6. Be2 e5 7. dxe5 dxe5 8. Qxd8
Rxd8 9. Bg5 Re8 10. Nd5 Nxd5 11. cxd5 c6 12. Bc4 cxd5 13. Bxd5 Nd7 14. Rc1 h6
15. Bh4 g5 16. Bg3 Nf6 17. O-O Nxd5 18. exd5 f5 19. Bxe5 Bxe5 20. Rfe1 Bxh2+ 21.
Kxh2 Rxe1 22. Rxe1 Kf7 23. Ne5+ Kf6 24. g3 g4 25. Nd3 Kf7 26. d6 Be6 27. Nc5 Bxa2
28. Nxb7 Bd5 29. Nc5 Rd8 30. d7 Bc6 31. Ra1 Ke7 32. Rxa7 Rb8 33. Rc7 Kd6 34. Rc8
Bxd7 35. Rxb8 Kxc5 36. Kg1 Bb5 37. Rxb5+ Kxb5 38. Kf1 Kc4 39. Ke2 Kd4 40. b4 1-0

[Event "54. Miedzynarodowy Festiwal Szachowy im. Akiby Rubinsteina<br/>OPEN A "]
[Site "Polanica-Zdroj"]
[Date "1899-12-30"]
[Round "1.17"]
[White "Okrucinski, Tadeusz"]
[Black "Lukasik, Zuzanna"]
[Result "1-0"]
[WhiteTitle "FM"]
[BlackTitle "I++"]
[WhiteElo "2182"]
[BlackElo "1517"]

1. d4 d5 2. c4 e6 3. Nf3 Nf6 4. g3 b6 5. Bg2 Bb7 6. O-O c5 7. cxd5 exd5 8. Nc3
Nc6 9. Bg5 c4 10. Bxf6 gxf6 11. Nh4 Ne7 12. e4 Bg7 13. exd5 Bxd5 14. Nxd5 Nxd5
15. Nf5 Kf8 16. Qf3 Nc7 17. Qa3+ Ke8 18. Bc6+ Qd7 19. Qe7# 1-0

[Event "54. Miedzynarodowy Festiwal Szachowy im. Akiby Rubinsteina<br/>OPEN A "]
[Site "Polanica-Zdroj"]
[Date "1899-12-30"]
[Round "1.18"]
[White "Sanz Wawer, Daniel"]
[Black "Cap, Piotr"]
[Result "1-0"]
[WhiteTitle "k"]
[BlackTitle "I"]
[WhiteElo "2180"]
[BlackElo "1877"]

1. d4 d6 2. e4 Nf6 3. f3 c6 4. c4 e5 5. Nc3 Be7 6. Nge2 O-O 7. Be3 Nbd7 8. Qd2
Qc7 9. d5 a6 10. g4 cxd5 11. cxd5 b5 12. g5 Nh5 13. Ng3 Nf4 14. Nf5 Re8 15. Nxe7+
Rxe7 16. Ne2 Nxe2 17. Bxe2 Nf8 18. Rc1 Qd7 19. h4 Bb7 20. Qb4 Ng6 21. Bb6 Rc8
22. Kd2 Ree8 23. Rxc8 Rxc8 24. Bf1 Nf4 25. Qb3 Rb8 26. Be3 Qd8 27. Kd1 Qa5 28.
Rh2 Rc8 29. Rc2 Rxc2 30. Qxc2 g6 31. a3 Nh5 32. Bh3 Qd8 33. Qc3 h6 34. Bg4 Nf4
35. Bxf4 exf4 36. gxh6 f6 37. Qc1 f5 38. exf5 Bxd5 39. fxg6 Bb3+ 40. Kd2 Qa5+
41. Qc3 1-0

[Event "54. Miedzynarodowy Festiwal Szachowy im. Akiby Rubinsteina<br/>OPEN A "]
[Site "Polanica-Zdroj"]
[Date "1899-12-30"]
[Round "1.20"]
[White "Jaskolka, Tomasz"]
[Black "Kawalko, Adam"]
[Result "1/2-1/2"]
[WhiteTitle "k+"]
[BlackTitle "I"]
[WhiteElo "2165"]
[BlackElo "1869"]

1. d4 Nf6 2. Bf4 g6 3. Nc3 d5 4. e3 Bg7 5. h4 h5 6. Be2 a6 7. Nf3 Nbd7 8. Ne5 O-O
9. Bf3 c6 10. Nd3 Re8 11. Qe2 Qa5 12. b4 Qb6 13. O-O Nh7 14. Na4 Qd8 15. g3 e5
16. dxe5 Nxe5 17. Nxe5 Bxe5 18. Bxe5 Rxe5 19. c4 b5 20. cxb5 axb5 21. Nc5 Qe8
22. Qd2 Bf5 23. Rfc1 Nf6 24. Qc3 Nd7 25. Nb3 Ra6 26. Nd4 Be4 27. Bxe4 Rxe4 28.
Qc2 Ne5 29. a4 bxa4 30. Rxa4 Rxa4 31. Qxa4 Rxd4 32. exd4 Nf3+ 33. Kf1 Nd2+ 34.
Kg1 Nf3+ 35. Kf1 Nd2+ 36. Kg1 Nf3+ 1/2-1/2

[Event "54. Miedzynarodowy Festiwal Szachowy im. Akiby Rubinsteina<br/>OPEN A "]
[Site "Polanica-Zdroj"]
[Date "1899-12-30"]
[Round "1.21"]
[White "Chmiel, Piotr"]
[Black "Zaleski, Lukasz"]
[Result "0-1"]
[WhiteTitle "I+"]
[BlackTitle "k"]
[WhiteElo "1865"]
[BlackElo "2164"]

1. e4 e6 2. d4 d5 3. Nc3 Nf6 4. Bg5 dxe4 5. Bxf6 gxf6 6. Nxe4 f5 7. Nc5 b6 8. Nb3
Bb7 9. Nf3 Nd7 10. Bd3 c6 11. Qe2 Be7 12. Ba6 Bxa6 13. Qxa6 Qc7 14. Qe2 Bf6 15.
O-O O-O 16. Rfe1 c5 17. c3 cxd4 18. Nfxd4 Nc5 19. Nb5 Qc6 20. N3d4 Qb7 21. Qh5
Nd3 22. Qh6 Bg7 23. Qd2 Nxe1 24. Rxe1 a6 25. Na3 Rad8 26. Qg5 Kh8 27. Nf3 Rg8
28. Qh5 Bf6 29. h3 b5 30. Qh6 Rg6 31. Qf4 Qb8 32. Ne5 Bxe5 33. Rxe5 0-1

[Event "54. Miedzynarodowy Festiwal Szachowy im. Akiby Rubinsteina<br/>OPEN A "]
[Site "Polanica-Zdroj"]
[Date "1899-12-30"]
[Round "1.22"]
[White "Kozak, Antoni"]
[Black "Witwicki, Pawel"]
[Result "1-0"]
[WhiteTitle "k"]
[BlackTitle "I+"]
[WhiteElo "2157"]
[BlackElo "1854"]

1. d4 d6 2. Nf3 f5 3. Nc3 Nf6 4. Bg5 e6 5. e4 fxe4 6. Nxe4 Be7 7. Bxf6 Bxf6 8.
Bd3 Nc6 9. c3 Qe7 10. O-O Bd7 11. Re1 O-O-O 12. b4 g5 13. a4 g4 14. Nfd2 h5 15.
a5 Nxb4 16. cxb4 Bxd4 17. Rc1 Kb8 18. Qe2 Rdf8 19. Nb3 Bg7 20. a6 b6 21. Bb5 Bc8
22. Na5 Qf7 23. Nc6+ Ka8 24. Ng5 Qf5 25. Nxe6 Bxe6 26. Qxe6 Qxb5 27. Qe7 Bb2 28.
Qxc7 Qxa6 29. Re7 Bxc1 30. Qxa7+ Qxa7 31. Rxa7# 1-0

[Event "54. Miedzynarodowy Festiwal Szachowy im. Akiby Rubinsteina<br/>OPEN A "]
[Site "Polanica-Zdroj"]
[Date "1899-12-30"]
[Round "1.23"]
[White "Fraczek, Weronika"]
[Black "Dzikowski, Michal"]
[Result "0-1"]
[WhiteTitle "k+"]
[BlackTitle "k"]
[WhiteElo "1844"]
[BlackElo "2155"]

1. e4 c6 2. Nf3 d5 3. Nc3 Bg4 4. h3 Bxf3 5. Qxf3 e6 6. d3 Nf6 7. Bd2 Qb6 8. Nd1
Nbd7 9. Be2 Bd6 10. exd5 cxd5 11. c3 Qc7 12. g4 Ne5 13. Qg2 Ng6 14. h4 Nf4 15.
Bxf4 Bxf4 16. g5 Nd7 17. d4 O-O 18. h5 Rae8 19. Ne3 Nb6 20. Kf1 f6 21. g6 h6 22.
a4 a5 23. Bb5 Rd8 24. Qg4 f5 25. Qh3 Rf6 26. Ng2 Bd6 27. Qd3 f4 28. f3 Nc4 29.
b3 Ne3+ 30. Kf2 Nf5 31. Rae1 e5 32. Rc1 Ng3 33. Rhe1 e4 34. fxe4 dxe4 35. Qc4+
Qxc4 36. Bxc4+ Kf8 37. Bd5 e3+ 38. Kf3 Nxh5 39. Bf7 Rf5 40. Rg1 Rg5 41. Nh4 Ba3
42. Rcd1 Rxg1 43. Rxg1 Bb2 44. Ng2 Bxc3 45. Nxf4 Nxf4 46. Kxf4 e2 0-1

[Event "54. Miedzynarodowy Festiwal Szachowy im. Akiby Rubinsteina<br/>OPEN A "]
[Site "Polanica-Zdroj"]
[Date "1899-12-30"]
[Round "1.24"]
[White "Klepek, Witold"]
[Black "Lemanski, Piotr"]
[Result "1-0"]
[WhiteTitle "k+"]
[BlackTitle "II"]
[WhiteElo "2139"]
[BlackElo "1838"]

1. e4 e5 2. Nf3 Nc6 3. d4 exd4 4. Nxd4 Qf6 5. Be3 Bc5 6. c3 Nge7 7. g3 d5 8. Bg2
dxe4 9. Nd2 Bxd4 10. cxd4 Bf5 11. Nxe4 Qg6 12. Nc3 Bc2 13. Qf3 Qd3 14. Bf1 Qg6
15. Bg2 Bd3 16. O-O-O Rd8 17. d5 Nb4 18. Bc5 Bb1 19. Qe2 Nxa2+ 20. Nxa2 O-O 21.
Nc3 Bf5 22. Rhe1 Rfe8 23. Qb5 c6 24. dxc6 Nxc6 25. Rxd8 Rxd8 26. Qe2 h6 27. Bxc6
Qxc6 28. Qe5 Bg6 29. f4 Bd3 30. Qe7 Rc8 31. Qe3 Bf5 32. Ba3 Qc4 33. g4 Bxg4 34.
Rg1 Qe6 35. Qxe6 Bxe6 36. Kd2 a6 37. Ke3 b5 38. Bd6 f6 39. Ra1 Rc6 40. Bb8 f5
41. Be5 Kf7 42. Ne2 Bc8 43. Rc1 Rxc1 44. Nxc1 g5 45. Ne2 g4 46. b4 Ke6 47. Kd4
h5 48. Kc5 h4 49. Bd4 Bb7 50. Bf2 h3 51. Bh4 Be4 52. Nd4+ Kd7 53. Kb6 Kd6 54.
Kxa6 Bd3 55. Ka5 Kd5 56. Nxb5 Kc6 57. Nc3 Kb7 58. Bf2 Bc4 59. b5 Ka8 60. Kb6 Kb8
61. Kc6 Kc8 62. Nd5 Bd3 63. b6 Be4 64. Kd6 Kb7 65. Ke5 Kc6 66. Ne7+ 1-0

[Event "54. Miedzynarodowy Festiwal Szachowy im. Akiby Rubinsteina<br/>OPEN A "]
[Site "Polanica-Zdroj"]
[Date "1899-12-30"]
[Round "1.25"]
[White "Derylo, Kamil"]
[Black "Wisniewski, Michal"]
[Result "0-1"]
[WhiteTitle "I"]
[BlackTitle "k+"]
[WhiteElo "1833"]
[BlackElo "2122"]

1. e4 g6 2. d4 Bg7 3. Nc3 d6 4. Be3 a6 5. a4 b6 6. f4 Bb7 7. Nf3 Nd7 8. Bc4 e6
9. O-O Ne7 10. Qe2 d5 11. exd5 exd5 12. Bb3 O-O 13. Bf2 c6 14. Bh4 Nf6 15. Ne5
Nf5 16. Bf2 a5 17. Rfe1 Qc7 18. Nb1 Ba6 19. c4 Ne4 20. Na3 c5 21. dxc5 bxc5 22.
Nb5 Bxb5 23. axb5 Nxf2 24. Qxf2 d4 25. Bc2 Ne3 26. Be4 Bxe5 27. fxe5 Rae8 28.
Bd3 Rxe5 29. Ra2 Ng4 0-1

[Event "54. Miedzynarodowy Festiwal Szachowy im. Akiby Rubinsteina<br/>OPEN A "]
[Site "Polanica-Zdroj"]
[Date "1899-12-30"]
[Round "1.26"]
[White "Walkusz, Witoslaw"]
[Black "Turski, Bartlomiej"]
[Result "1/2-1/2"]
[WhiteTitle "FM"]
[BlackTitle "I"]
[WhiteElo "2121"]
[BlackElo "1830"]

1. e4 c5 2. Nf3 d6 3. Bb5+ Bd7 4. a4 Nf6 5. Nc3 e6 6. O-O Be7 7. Re1 O-O 8. e5
dxe5 9. Nxe5 Bd6 10. h3 a6 11. Bf1 Nc6 12. Nxd7 Qxd7 13. Ne4 Nxe4 14. Rxe4 f5
15. Re1 Bc7 16. Ra3 Qd6 17. g3 f4 18. Rd3 Nd4 19. c3 fxg3 20. fxg3 c4 21. Rde3
Nf5 22. Bxc4 Nxe3 23. Rxe3 Rf6 24. d4 Rg6 25. Qe1 Rxg3+ 26. Rxg3 Qxg3+ 27. Qxg3
Bxg3 28. Bxe6+ Kf8 29. Kg2 Bd6 30. Kf3 b5 31. Ke4 h6 32. Kd5 Ke7 33. Bg4 bxa4
34. c4 Rd8 35. Kc6 Bg3 36. d5 Rd6+ 37. Kc5 Bf2+ 38. Kb4 Rb6+ 39. Kxa4 Bc5 40.
Be2 g5 41. Ka5 Kd8 1/2-1/2

[Event "54. Miedzynarodowy Festiwal Szachowy im. Akiby Rubinsteina<br/>OPEN A "]
[Site "Polanica-Zdroj"]
[Date "1899-12-30"]
[Round "1.27"]
[White "Wasylkiewicz, Andrzej"]
[Black "Mika, Tomasz"]
[Result "0-1"]
[WhiteTitle "I"]
[BlackTitle "I++"]
[WhiteElo "1816"]
[BlackElo "2120"]

1. e4 c5 2. Nc3 Nc6 3. g3 g6 4. Bg2 Bg7 5. d3 d6 6. Be3 e5 7. Nge2 Nge7 8. Qd2
O-O 9. Bh6 Be6 10. h4 f6 11. Bxg7 Kxg7 12. f4 h6 13. Nd5 Rc8 14. Nec3 Nd4 15.
Nxe7 Qxe7 16. O-O-O c4 17. Kb1 b5 18. dxc4 Rxc4 19. Bf1 Rc5 20. Bd3 Rfc8 21. Rc1
Qb7 22. Ne2 Nxe2 23. Qxe2 Qa6 24. b3 Qa3 25. Bxb5 Rb8 26. c4 a6 27. Qd3 axb5 28.
Qxd6 Ra8 29. Rc2 Bf7 30. fxe5 Rxe5 31. Qxa3 Rxa3 32. cxb5 Rxb5 33. Rc7 Rba5 34.
Rh2 g5 35. Rd2 Ra7 36. Rdd7 Rxc7 37. Rxc7 Ra6 38. hxg5 hxg5 39. Kb2 Re6 40. a4
Rxe4 41. Rc3 f5 42. a5 Kf6 43. Ka3 Bd5 44. a6 Re6 45. Kb4 Rxa6 46. Kb5 Ra3 0-1

[Event "54. Miedzynarodowy Festiwal Szachowy im. Akiby Rubinsteina<br/>OPEN A "]
[Site "Polanica-Zdroj"]
[Date "1899-12-30"]
[Round "1.28"]
[White "Jankowiak, Tomasz"]
[Black "Kruczynski, Marek"]
[Result "1-0"]
[WhiteTitle "k"]
[BlackTitle "I"]
[WhiteElo "2117"]
[BlackElo "1786"]

1. e4 b6 2. d4 Bb7 3. Bd3 Nf6 4. Nc3 e6 5. f4 c5 6. Nf3 c4 7. Bxc4 Nxe4 8. Nxe4
Bxe4 9. O-O Qc7 10. Qe2 Bg6 11. Ne5 Bd6 12. g4 Bxe5 13. dxe5 Nc6 14. c3 O-O 15.
f5 Nxe5 16. Bb3 Nxg4 17. fxg6 fxg6 18. Rxf8+ Rxf8 19. Qxg4 h5 20. Qg3 Qc6 21.
Bf4 h4 22. Qxh4 Qc5+ 23. Kg2 Qc6+ 24. Kg3 Qe4 25. Rf1 g5 26. Qxg5 Rf6 27. Qb5
Rg6+ 28. Bg5 Qe3+ 29. Kh4 Qe4+ 30. Rf4 Qe1+ 31. Kh5 Qb1 32. Qf1 1-0